Jamuan makan malam sempena sukan kementerian kewangan [

Bibliographic Details
Format: Book
Published: Bangi : Inspen , n.d
Subjects:

MARC

LEADER 00000cam a2200000 7i4500
001 0000017884
005 20061130.0
040 |a INS 
090 0 0 |a TX 739 
245 0 0 |a Jamuan makan malam sempena sukan kementerian kewangan [  |h video recording] 
260 |a Bangi :   |b Inspen ,   |c n.d 
300 |a 1 Video cassette (VHS) (2:40) :   |b sd., col. ;   |c 1/2 in. 
650 0 0 |a Dinners and dining 
999 |a VHS499   |b VIDEO   |c Media Collection   |e Default branch